ბათუმის შოთა რუსთაველის სახელმწიფო უნივერსიტეტის ბიბლიოთეკა

აჭარის სოციალურ-ეკონომიკური პრობლემები = Social-Economical Problems of Adjara = Социально-Экономические Проблемы Аджарии : (ბიბ.ჩანაწერი № 37970)

000 -ლიდერი
ფიქსირებული სიგრძის საკონტროლო ველი 01888nam a2200253Ia 4500
001 - საკონტროლო ნომერი
საკონტროლო ველი 3952
003 - საკონტროლო ნომრის იდენტიფიკატორი
საკონტროლო ველი GE_BSU
005 - ბოლო ოპერაციის თარიღი და დრო
საკონტროლო ველი 20190912160547.0
008 - ფიქსირებული სიგრძის მონაცემთა ელემენტები - ზოგადი ინფორმაცია
ფიქსირებული სიგრძის საკონტროლო ველი 181216s2009||||ge |||||||||||||| ||geo||
040 ## - კატალოგიზაციის წყარო
Transcribing agency GE_BSU
041 ## - ენის კოდი
Language code of text/sound track or separate title geo
080 ## - უნივერსალური ათობითი კლასიფიკაციის ინდექსი
Universal Decimal Classification number 33(479.223) ა–95
245 ## - ცნობა სათაურის შესახებ
Title აჭარის სოციალურ-ეკონომიკური პრობლემები = Social-Economical Problems of Adjara = Социально-Экономические Проблемы Аджарии :
Remainder of title სტატიების კრებული ; ტ. 11 /
Statement of responsibility, etc საქართველოს განათლებისა და მეცნიერების სამინისტრო ; ნიკო ბერძენიშვილის ინსტიტუტი; რედაქტორი: ჟანი მიქაშვიძე.
264 ## - წარმოების, გამოცემის, დისტრიბუციის და სხვა ცნობები
გამოცემის, წარმოების, დისტრიბუციის... ადგილი ბათუმი :
გამოცემის, წარმოების, დისტრიბუციის... სახელწოდება შოთა რუსთაველის სახელმწიფო უნივერსიტეტი,
გამოცემის, წარმოების, დისტრიბუციის... თარიღი 2009.
300 ## - ფიზიკური აღწერა
Extent 217 გვ. ;
Other physical details 21 სმ.
501 ## - შენიშვნა თანმხლებ მასალაზე
With note პარალელური თავფურცელი ქართ., ინგლ. და რუს. ენებზე.
520 ## - SUMMARY, ETC.
Summary, etc სტატიების ბოლოს რეზიუმე ინგლ. და რუს. ენებზე.
653 ## - INDEX TERM--UNCONTROLLED
Uncontrolled term აჭარის სოციალურ–ეკონომიკური პრობლემები. XI.
700 ## - ADDED ENTRY--PERSONAL NAME
Personal name მიქაშავიძე, ჟანი
Relator term რედაქტორი
9 (RLIN) 2700
710 ## - ADDED ENTRY--CORPORATE NAME
Corporate name or jurisdiction name as entry element საქართველოს განათლებისა და მეცნიერების სამინისტრო
9 (RLIN) 1898
710 ## - ADDED ENTRY--CORPORATE NAME
Corporate name or jurisdiction name as entry element ნიკო ბერძენიშვილის ინსტიტუტი
9 (RLIN) 3973
942 ## - ADDED ENTRY ELEMENTS (KOHA)
Koha item type წიგნი
Source of classification or shelving scheme
ეგზემპლარები
ჩამოწერის სტატუსი დაკარგული ეგზემპლარის სტატუსი კლასიფიკაციის წყარო ან თაროზე გაწყობის სქემა დაზიანების სტატუსი არ გაიცემა მუდმივი მდებარეობა (დაცვის ადგილი) ამჟამინდელი ადგილსამყოფელი თაროზე განთავსების ადგილი შეძენის თარიღი ღირებულება, შესყიდვის ნორმალური ფასი სრული შენახვის შიფრი შტრიხკოდი ბოლო ოპერაციის თარიღი ეგზემპლარის მიმდევრობითი ნომერი (კეტერი?) ფასის ძალაში შესვლის თარიღი ეგზემპლარის სახეობა საჯარო შენიშვნა
          ბათუმის შოთა რუსთაველის სახელმწიფო უნივერსიტეტის მთავარი ბიბლიოთეკა ბათუმის შოთა რუსთაველის სახელმწიფო უნივერსიტეტის მთავარი ბიბლიოთეკა წიგნსაცავი 2018-12-17 5.30 33(479.223) ა–95 5628 2018-12-17 5628 2018-12-17 წიგნი 5 ლ. 30 თ.
          ბათუმის შოთა რუსთაველის სახელმწიფო უნივერსიტეტის მთავარი ბიბლიოთეკა ბათუმის შოთა რუსთაველის სახელმწიფო უნივერსიტეტის მთავარი ბიბლიოთეკა წიგნსაცავი 2018-12-17 5.30 33(479.223) ა–95 5629 2018-12-17 5629 2018-12-17 წიგნი 5 ლ. 30 თ.
          ბათუმის შოთა რუსთაველის სახელმწიფო უნივერსიტეტის მთავარი ბიბლიოთეკა პროფესიული პროგრამების მართვის და უწყვეტი განათლების ცენტრის ბიბლიოთეკა წიგნსაცავი 2022-06-30   33(479.223) ა–95 62935 2022-06-30 62935 2022-06-30 წიგნი 5ლ.30თ.